Promoviendo un cambio de actitud hacia el desarrollo sostenible /

Gespeichert in:
Bibliographische Detailangaben
1. Verfasser: Rodríguez Vargas, Adrían G.
Körperschaften: Costa Rica. Ministerio de Planificación Nacional y Política Económica. Proyecto Sistema Nacional para el Desarrollo Sostenible, Banco Interamericano de Desarrollo
Weitere Verfasser: Vega, Erica
Format: Unbekannt
Veröffentlicht: San José: MIDEPLAN
Schlagworte:
Tags: Tag hinzufügen
Keine Tags, Fügen Sie den ersten Tag hinzu!

MARC

LEADER 00000 a2200000 04500
001 10465
003
008 991231s d
040 |a CRAI/IIS  |c CRAI/IIS 
090 |a 136408  
100 |a Rodríguez Vargas, Adrían G.  
110 |a Costa Rica. Ministerio de Planificación Nacional y Política Económica. Proyecto Sistema Nacional para el Desarrollo Sostenible  
245 |a Promoviendo un cambio de actitud hacia el desarrollo sostenible /  |c Costa Rica. Ministerio de Planificación Nacional y Política Económica. Proyecto Sistema Nacional para el Desarrollo Sostenible  
260 |a San José:   |b MIDEPLAN  
300 |a xxiii, 189 p.  
650 |a DESARROLLO SUSTENTABLE  
650 |a INDICADORES DE DESARROLLO  
650 |a MEDIO AMBIENTE  
650 |a ECONOMIA  
650 |a INDICADORES  
700 |a   
700 |a Vega, Erica  
700 |a   
710 |a Banco Interamericano de Desarrollo  
999 |c 6276  |d 6276